NYR Single Season Goal Records - Statistics

General Stats
  • This quiz has been taken 7 times
  • The average score is 4 of 10
Answer Stats
Year Goals Answer % Correct
2021-22 T52 Chris Kreider
86%
1995-96 47 Mark Messier
71%
1993-94 T52 Adam Graves
43%
2005-06 54 Jaromir Jagr
43%
1971-72 46 Jean Ratelle
43%
1990-91 49 Mike Gartner
43%
1992-93 45 Mike Gartner
43%
1971-72 50 Vic Hadfield
43%
1989-90 T43 John Ogrodnick
0%
1983-84 48 Pierre Larouche
0%
No matching quizzes found
Score Distribution
Percent of People with Each Score
Percentile by Number Answered
Your Score History
You have not taken this quiz